000 00533nam a2200193Ia 4500
008 131103s9999 xx 000 0 und d
040 _aLoreto College
041 _aEnglish
082 _a820.9/COM
_bLCLIB(Press)/
100 _aCompton
245 2 _aA History of English literature
_cCompton and Rickett
260 _a[S.l.]
_b[s.n.]
_c[19-?]
300 _a702p.
_c 22 cm.
504 _aIncludes index
650 _aEnglish Literature - History and Criticism
700 _aRickett
850 _aLCLIB/820.9/COM
942 _cBK
999 _c24668
_d75147